000 00891cab a2200253 4500
001 WB3401-38
008 090401t1997 xxu||||| |||| 00| 0 eng d
035 _a(Sirsi) u82793
041 _aeng
245 _aDebt fears over PFI plan
260 _c1997
350 _a0
490 _aAccountancy Age
_v11 December 1997, 1
490 _aProperty Week
_v61(12) 19 December 1997, 2(2)
520 _aExperts are warning that proposals by the Accounting Standards Board (ASB) designed to clarify accounting for the PFI may add billions of pounds of debt to the public sector balance sheet. Includes the state of play of key central government projects.
650 _aACCOUNTING STANDARDS BOARD
650 _aBALANCE SHEETS
650 _aDEBT
650 _aFRS 5
650 _aPFI PROJECTS
690 _aPROPERTY-PROPERTY FINANCE AND INVESTMENT
942 _n0
948 _c18/12/1997
999 _c52293
_d52293